00401nam a2200133Ia 4500020001800000082002100018100002500039245009600064260003700160300001200197650001200209650001400221650003200235 a9788131607916 a320.840954 GUP-; aGupta, Madhav Prasad 0aMANREGA, panchayati raj evam janjatiya vikas: janjatiya chhetron mein sahbhagita ka swaroop aJaipurbRawat Publicationsc2016 ax, 236p aMANREGA aPANCHAYAT aTRIBAL DEVELOPMENT - UJJAIN